Score 0/18 Timer 03:00
0 Plays Today
Hint Answer % Correct
Karen BlackGreat
96%
Eva GreenRoyale
95.1%
Betty WhiteDown
91.4%
Betty WhiteMenace
90.3%
Betty WhiteLake
87.6%
Eva GreenDark
80.7%
Eva GreenGolden
75.1%
Eva GreenCity
68.7%
Karen BlackEasy
66.2%
Hint Answer % Correct
Karen BlackPieces
60.6%
Karen BlackDay
48.6%
Eva GreenHeaven
46.3%
Karen BlackHouse
34%
Betty WhiteYou
22.9%
Betty WhiteStory
12.6%
Betty WhiteRain
8.7%
Karen BlackPlot
8.4%
Eva GreenSense
4.1%

Today's Daily Dose

Remove Ads.
Support Sporcle.
Get the best of Sporcle when you Go Orange. This ad-free experience offers more features, more stats, and more fun while also helping to support Sporcle. Thank you for becoming a member.

You're not logged in!

Compare scores with friends on all Sporcle quizzes.
OR
Log In

Show Comments

Extras

Top Quizzes Today


Score Distribution

Your Account Isn't Verified!

In order to create a playlist on Sporcle, you need to verify the email address you used during registration. Go to your Sporcle Settings to finish the process.

Report this User

Report this user for behavior that violates our Community Guidelines.

Details: